[Event "Titled Tuesday intern op 04th May"]
[Site "Chess.com INT"]
[Date "2021.05.04"]
[Round "11"]
[White "Minaya Molano, Juan M"]
[Black "Fuentes, Adrian"]
[Result "0-1"]
[WhiteElo "2140"]
[BlackElo "2186"]
[PlyCount "100"]
[EventDate "2021.05.04"]
[EventType "swiss (blitz)"]
[EventRounds "11"]
[EventCountry "USA"]
[SourceTitle "CBM 202 Extra"]
[Source "ChessBase"]
[SourceDate "2021.07.31"]
[SourceVersion "1"]
[SourceVersionDate "2021.07.31"]
[SourceQuality "1"]

1. Nf3 Nf6 2. c4 e6 3. g3 b6 4. Bg2 Bb7 5. 0-0 d6 6. d4 Nbd7 7. Nc3 Be7 8. Qd3 0-0 9. e4 e5 10. d5 Nc5 11. Qc2 a5 12. b3 g6 13. a3 Nh5 14. Bh6 Ng7 15. b4 axb4 16. axb4 Nd7 17. h4 f5 18. Ng5 Bxg5 19. hxg5 f4 20. Rxa8 Qxa8 21. Nb5 Qd8 22. Bh3 Rf7 23. Be6 Nf8 24. Bxf7+ Kxf7 25. Bxg7 Kxg7 26. gxf4 exf4 27. Qc3+ Kf7 28. Qf6+ Qxf6 29. gxf6 Kxf6 30. Nxc7 Ke5 31. Ra1 Nd7 32. Ra7 Bc8 33. Nb5 Nf6 34. f3 Bd7 35. Kf2 g5 36. Rb7 h5 37. Rxb6 g4 38. Nxd6 g3+ 39. Kg2 Nh7 40. Rb7 Kxd6 41. c5+ Ke5 42. c6 Ng5 43. cxd7 h4 44. d8Q h3+ 45. Kf1 Nxf3 46. Qh8+ Kxe4 47. Re7+ Kd3 48. d6 g2+ 49. Kf2 g1Q+ 50. Kxf3 Qg3# 0-1

[Event "Puerto Rico Inv"]
[Site "Caguas"]
[Date "2021.05.02"]
[Round "5"]
[White "Chung Hurtado, Yaleika"]
[Black "Fuentes, Adrian"]
[Result "0-1"]
[WhiteElo "1706"]
[BlackElo "2186"]
[PlyCount "108"]
[EventDate "2021.04.30"]
[EventType "swiss"]
[EventRounds "5"]
[EventCountry "PUR"]
[SourceTitle "EXT 2023"]
[Source "ChessBase"]
[SourceDate "2022.10.05"]
[SourceVersion "1"]
[SourceVersionDate "2022.10.05"]
[SourceQuality "1"]

1. Nf3 Nf6 2. d4 e6 3. Bf4 c5 4. e3 b6 5. h3 Bb7 6. Be2 d5 7. c3 Nbd7 8. Nbd2 Be7 9. Bh2 0-0 10. 0-0 Re8 11. Ne5 Nxe5 12. dxe5 Nd7 13. f4 Nb8 14. Bf3 Nc6 15. Nb3 Qd7 16. Qe2 a5 17. Rfd1 a4 18. Nd2 a3 19. b3 Ba6 20. Qe1 Rad8 21. Kh1 Bd3 22. Be2 Bxe2 23. Qxe2 Qb7 24. Nf3 b5 25. Rac1 Rd7 26. e4 dxe4 27. Qxe4 Red8 28. Qe2 Bf8 29. Bg1 Rd5 30. Ng5 h6 31. Rxd5 exd5 32. Nf3 b4 33. f5 bxc3 34. Rxc3 d4 35. Rc4 Nb4 36. f6 gxf6 37. exf6 Qd5 38. Ne5 Qe6 39. Bh2 Qxf6 40. Qg4+ Qg7 41. Qh4 Qg5 42. Qf2 Qg7 43. Qh4 Re8 44. Qh5 Bd6 45. Nf3 Re2 46. Nh4 Re1+ 47. Bg1 Qg3 48. Nf3 Nd3 49. Rc2 Rf1 50. Qf5 Ne1 51. Qc8+ Kg7 52. Re2 Nxf3 53. Qg4+ Qxg4 54. hxg4 Rxg1# 0-1

[Event "Titled Tuesday intern op 20th Apr"]
[Site "Chess.com INT"]
[Date "2021.04.20"]
[Round "1"]
[White "Samani, Yamac"]
[Black "Fuentes, Adrian"]
[Result "1-0"]
[WhiteElo "2246"]
[BlackElo "2186"]
[PlyCount "83"]
[EventDate "2021.04.20"]
[EventType "swiss (blitz)"]
[EventRounds "11"]
[EventCountry "USA"]
[SourceTitle "CBM 202 Extra"]
[Source "ChessBase"]
[SourceDate "2021.07.31"]
[SourceVersion "1"]
[SourceVersionDate "2021.07.31"]
[SourceQuality "1"]

1. e4 c5 2. Nc3 Nc6 3. Bb5 Nd4 4. Nf3 e6 5. 0-0 a6 6. Bd3 b5 7. Nxd4 cxd4 8. Ne2 Bc5 9. c3 dxc3 10. bxc3 Ne7 11. a4 b4 12. Bc2 bxc3 13. Nxc3 Nc6 14. Qg4 0-0 15. Kh1 Nd4 16. Bb1 Nb3 17. Ra2 Nxc1 18. Rxc1 d6 19. e5 dxe5 20. Qe4 f5 21. Qxa8 Bxf2 22. Qf3 Qh4 23. Ne2 e4 24. Qh3 Qxh3 25. gxh3 e3 26. Rc7 e5 27. Rac2 Be6 28. Ba2 Bxa2 29. Rxa2 f4 30. dxe3 Bxe3 31. Rb2 f3 32. Ng3 f2 33. Kg2 Bd4 34. Rbb7 e4 35. Rd7 Ba1 36. Re7 e3 37. Rxe3 Bd4 38. Rf3 h5 39. Rxf8+ Kxf8 40. Nxh5 Bf6 41. Nxf6 gxf6 42. Kxf2 1-0

[Event "Panama City Chess Rumble op"]
[Site "Panama City"]
[Date "2017.11.04"]
[Round "9"]
[White "Fuentes, Adrian"]
[Black "Cuenca Jimenez, Jose Fernando"]
[Result "0-1"]
[WhiteElo "2221"]
[BlackElo "2506"]
[PlyCount "83"]
[EventDate "2017.11.04"]
[EventType "game (blitz)"]
[EventRounds "9"]
[EventCountry "PAN"]
[SourceTitle "CBM 181 Extra"]
[Source "ChessBase"]
[SourceDate "2017.12.12"]
[SourceVersion "1"]
[SourceVersionDate "2017.12.12"]
[SourceQuality "1"]

1. e4 e6 2. d4 d5 3. Nd2 c5 4. exd5 Qxd5 5. Ngf3 cxd4 6. Bc4 Qd7 7. 0-0 Nc6 8. Nb3 Nf6 9. Bf4 Bd6 10. Bxd6 Qxd6 11. Nfxd4 Nxd4 12. Qxd4 Qxd4 13. Nxd4 Bd7 14. Nb5 Ke7 15. Nc3 Rac8 16. Be2 Rc5 17. a4 Bc6 18. Rfd1 h5 19. Ra3 h4 20. b4 Rg5 21. f3 Rc8 22. b5 Bd5 23. Rd4 Re5 24. Kf2 g5 25. Bd3 b6 26. a5 bxa5 27. Ne2 Bb7 28. Rxa5 a6 29. Rb4 axb5 30. Ra7 Rc7 31. Nd4 Rec5 32. Rxb5 Bd5 33. Rxc7+ Rxc7 34. Rb8 Nd7 35. Rg8 Kf6 36. Nb5 Rc6 37. Ke3 Ne5 38. Nd4 Rc5 39. g3 hxg3 40. hxg3 Nxd3 41. cxd3 Bc4 42. Kf2 0-1

[Event "Panama City Chess Rumble op"]
[Site "Panama City"]
[Date "2017.11.04"]
[Round "7"]
[White "Fuentes, Adrian"]
[Black "Lopez Idarraga, Daniel Eduardo"]
[Result "0-1"]
[WhiteElo "2221"]
[BlackElo "2045"]
[PlyCount "99"]
[EventDate "2017.11.04"]
[EventType "game (blitz)"]
[EventRounds "9"]
[EventCountry "PAN"]
[SourceTitle "CBM 181 Extra"]
[Source "ChessBase"]
[SourceDate "2017.12.12"]
[SourceVersion "1"]
[SourceVersionDate "2017.12.12"]
[SourceQuality "1"]

1. e4 e6 2. d4 d5 3. Nd2 Nf6 4. e5 Nfd7 5. f4 c5 6. c3 Nc6 7. Ndf3 Qb6 8. g3 cxd4 9. cxd4 Bb4+ 10. Kf2 0-0 11. Bh3 Kh8 12. Ne2 f6 13. Kg2 fxe5 14. dxe5 Nc5 15. Be3 Bd7 16. a3 Ba5 17. b4 Nxb4 18. axb4 Bxb4 19. Qd4 a5 20. Rhb1 Qa6 21. Ra2 Qd3 22. Qxd3 Nxd3 23. Ned4 Rfe8 24. Ng5 Nc5 25. Kf3 Kg8 26. Bf1 h6 27. Nh3 Ne4 28. Rab2 Rac8 29. Bb5 Bc6 30. Bd3 Nc5 31. Bg6 Rf8 32. Nf2 Bc3 33. Rc2 Bb4 34. Nd3 Ba4 35. Rxc5 Bxc5 36. Nxc5 Rxc5 37. Nxe6 Rc3 38. Rxb7 d4 39. Rxg7+ Kh8 40. Rh7+ Kg8 41. Nxd4 Be8 42. Be4 Bh5+ 43. g4 Bxg4+ 44. Kxg4 Rxe3 45. Bg6 Re1 46. Nf5 Rg1+ 47. Kh5 Rxg6 48. Kxg6 Rxf5 49. Kxf5 Kxh7 50. Kf6 0-1

[Event "Panama City Chess Rumble op"]
[Site "Panama City"]
[Date "2017.11.04"]
[Round "5"]
[White "Fuentes, Adrian"]
[Black "Rodriguez, Fernando"]
[Result "1-0"]
[WhiteElo "2221"]
[BlackElo "1786"]
[PlyCount "73"]
[EventDate "2017.11.04"]
[EventType "game (blitz)"]
[EventRounds "9"]
[EventCountry "PAN"]
[SourceTitle "CBM 181 Extra"]
[Source "ChessBase"]
[SourceDate "2017.12.12"]
[SourceVersion "1"]
[SourceVersionDate "2017.12.12"]
[SourceQuality "1"]

1. e4 c5 2. Nf3 Nc6 3. d4 cxd4 4. Nxd4 d5 5. Bb5 dxe4 6. Nxc6 Qxd1+ 7. Kxd1 a6 8. Ba4 Bd7 9. Nc3 Bxc6 10. Bxc6+ bxc6 11. Nxe4 e5 12. Be3 f5 13. Nc3 Nf6 14. Ke2 Bb4 15. Na4 Nd5 16. Bc5 Bxc5 17. Nxc5 Nf4+ 18. Kf3 g5 19. g3 e4+ 20. Ke3 Nd5+ 21. Kd4 Rb8 22. b3 a5 23. c4 Ne7 24. Rad1 Kf7 25. Ke5 Rhd8 26. g4 fxg4 27. Nxe4 h6 28. Nd6+ Kg6 29. Ke6 Nc8 30. c5 Rf8 31. Kd7 Na7 32. Rhe1 Rxf2 33. Re6+ Rf6 34. Rde1 Rbf8 35. Nc4 a4 36. bxa4 Rxe6 37. Rxe6+ 1-0

[Event "Panama City Chess Rumble op"]
[Site "Panama City"]
[Date "2017.11.04"]
[Round "1"]
[White "Fuentes, Adrian"]
[Black "Valderrama Quiceno, Esteban Alberto"]
[Result "0-1"]
[WhiteElo "2221"]
[BlackElo "2429"]
[PlyCount "78"]
[EventDate "2017.11.04"]
[EventType "game (blitz)"]
[EventRounds "9"]
[EventCountry "PAN"]
[SourceTitle "CBM 181 Extra"]
[Source "ChessBase"]
[SourceDate "2017.12.12"]
[SourceVersion "1"]
[SourceVersionDate "2017.12.12"]
[SourceQuality "1"]

1. e4 d6 2. d4 Nf6 3. Nc3 g6 4. Be3 a6 5. Qd2 b5 6. f3 Nbd7 7. a3 Bb7 8. Nge2 Rc8 9. Ng3 c5 10. h4 h5 11. Nce2 cxd4 12. Nxd4 d5 13. exd5 Nxd5 14. Bd3 Nxe3 15. Qxe3 Bh6 16. Qf2 Qb6 17. 0-0 0-0 18. Rfe1 e5 19. Nb3 Qc7 20. Rad1 f5 21. Nf1 e4 22. Be2 Ne5 23. Nd4 Rf6 24. Qg3 exf3 25. Bxf3 Nxf3+ 26. Nxf3 Qxg3 27. Nxg3 Rxc2 28. Rd7 Bc6 29. Re8+ Rf8 30. Rxf8+ Bxf8 31. Rd6 Be8 32. Rxa6 Rxb2 33. Ne5 Kg7 34. a4 bxa4 35. Nc4 Rc2 36. Nb6 a3 37. Nd5 Bc5+ 38. Kh2 a2 39. Nf1 Bd4 0-1

[Event "Managua Sub zt 2.3"]
[Site "Managua"]
[Date "2014.04.29"]
[Round "4"]
[White "Fuentes, Adrian"]
[Black "Guevara, Martin"]
[Result "1-0"]
[WhiteElo "2089"]
[BlackElo "2213"]
[PlyCount "62"]
[EventDate "2014.04.27"]
[EventType "swiss"]
[EventRounds "9"]
[EventCountry "NCA"]
[SourceTitle "EXT 2015"]
[Source "ChessBase"]
[SourceDate "2014.11.20"]
[SourceVersion "1"]
[SourceVersionDate "2014.11.20"]
[SourceQuality "1"]

1. e4 c5 2. Nf3 d6 3. d4 cxd4 4. Nxd4 Nf6 5. Nc3 a6 6. Be3 e6 7. Be2 Be7 8. 0-0 0-0 9. f4 Nc6 10. Qd2 Qc7 11. Kh1 Bd7 12. a3 Nxd4 13. Bxd4 Bc6 14. Bf3 e5 15. Be3 exf4 16. Bxf4 Rfd8 17. Qf2 Nd7 18. Rad1 Qb6 19. Qxb6 Nxb6 20. b3 Bf6 21. Nd5 Bxd5 22. exd5 Bc3 23. Bg4 Nd7 24. Bxd6 Nf6 25. Rxf6 Bxf6 26. Bc7 Re8 27. d6 Bd8 28. Bd7 Re3 29. Kg1 Rc3 30. Bxd8 Rxd8 31. Bf5 Rc6 1-0

[Event "Alajuela op 5th"]
[Site "Alajuela"]
[Date "2014.01.23"]
[Round "4"]
[White "Fuentes, Adrian"]
[Black "Ernst, Sipke"]
[Result "0-1"]
[WhiteElo "2031"]
[BlackElo "2573"]
[PlyCount "100"]
[EventDate "2014.01.22"]
[EventType "swiss"]
[EventRounds "9"]
[EventCountry "CRI"]
[SourceTitle "CBM 158 Extra"]
[Source "ChessBase"]
[SourceDate "2014.02.28"]
[SourceVersion "1"]
[SourceVersionDate "2014.02.28"]
[SourceQuality "1"]

1. e4 e5 2. Nf3 Nc6 3. Nc3 Nf6 4. d4 exd4 5. Nxd4 Bc5 6. Nxc6 bxc6 7. Bd3 d6 8. 0-0 Nd7 9. Bf4 0-0 10. Qf3 Rb8 11. b3 Bd4 12. Bd2 Ne5 13. Qg3 c5 14. Rae1 Nxd3 15. Qxd3 f5 16. Qc4+ Kh8 17. Ne2 Bf6 18. exf5 Bxf5 19. Ng3 Bg6 20. Rd1 Be5 21. Be3 Rb4 22. Qe2 Rh4 23. Qd2 Qe8 24. f4 Bf6 25. Rde1 Qc6 26. c4 Rg4 27. f5 Bf7 28. Rf4 Rxf4 29. Bxf4 Re8 30. Rxe8+ Qxe8 31. Kf2 Kg8 32. Qe2 Qd7 33. Qd2 h5 34. Qd3 a6 35. Ne2 Kh7 36. Be3 Qe7 37. Nf4 Qe5 38. g3 Qa1 39. Qe2 Qh1 40. h4 Be5 41. Qf1 Qc6 42. Qd3 Kg8 43. Nd5 Kh8 44. Bg5 Bd4+ 45. Ne3 Qh1 46. Qf1 Qe4 47. Ke2 Kh7 48. Qf3 Qb1 49. Qb7 Bxe3 50. Bxe3 Bxc4+ 0-1

[Event "Panama op 3rd"]
[Site "Panama City"]
[Date "2013.11.05"]
[Round "9"]
[White "Fuentes, Adrian"]
[Black "Hay, Mario"]
[Result "1-0"]
[WhiteElo "2039"]
[BlackElo "2067"]
[PlyCount "67"]
[EventDate "2013.10.30"]
[EventType "swiss"]
[EventRounds "9"]
[EventCountry "PAN"]
[SourceTitle "EXT 2014"]
[Source "ChessBase"]
[SourceDate "2013.11.20"]
[SourceVersion "1"]
[SourceVersionDate "2013.11.20"]
[SourceQuality "1"]

1. e4 e6 2. d4 d5 3. Nd2 c5 4. exd5 Qxd5 5. Ngf3 cxd4 6. Bc4 Qc5 7. 0-0 Nc6 8. Qe2 a6 9. Nb3 Qa7 10. Bf4 b5 11. Bd5 Nge7 12. Be4 Bb7 13. a4 bxa4 14. Rxa4 Ng6 15. Bg3 Be7 16. h4 Bf6 17. h5 Nge7 18. Bd6 0-0 19. Nc5 Rac8 20. Nd7 Rfd8 21. Bc5 Qa8 22. Nb6 Qb8 23. Nxc8 Bxc8 24. c3 dxc3 25. bxc3 Nd5 26. Ra3 Qc7 27. Bd4 Nxd4 28. cxd4 Nf4 29. Qc2 Qd6 30. Re3 h6 31. g3 Nxh5 32. Rc1 Bd7 33. Qc5 Qb8 34. Qxh5 1-0

[Event "Bogota McGregor op 3rd"]
[Site "Bogota"]
[Date "2012.12.14"]
[Round "4"]
[White "Fuentes, Adrian"]
[Black "Martinez Alcantara, Jose Eduardo"]
[Result "0-1"]
[WhiteElo "1942"]
[BlackElo "2226"]
[PlyCount "60"]
[EventDate "2012.12.12"]
[EventType "swiss"]
[EventRounds "9"]
[EventCountry "COL"]
[SourceTitle "EXT 2014"]
[Source "ChessBase"]
[SourceDate "2013.11.20"]
[SourceVersion "1"]
[SourceVersionDate "2013.11.20"]
[SourceQuality "1"]

1. e4 c5 2. Nf3 Nc6 3. d4 cxd4 4. Nxd4 Nf6 5. Nc3 e5 6. Ndb5 d6 7. Bg5 a6 8. Na3 b5 9. Nd5 Be7 10. Bxf6 Bxf6 11. c4 b4 12. Nc2 0-0 13. g3 a5 14. h4 Be6 15. Bg2 g6 16. 0-0 Bg7 17. Qd3 Rb8 18. b3 f5 19. a3 bxa3 20. Rxa3 Kh8 21. Qd2 f4 22. Rb1 Rb7 23. b4 axb4 24. Ncxb4 Nd4 25. Rba1 Bg4 26. Qa2 Rb8 27. Ra6 g5 28. h5 fxg3 29. fxg3 Ne2+ 30. Kh2 Qe8 0-1

[Event "Bogota McGregor op 3rd"]
[Site "Bogota"]
[Date "2012.12.12"]
[Round "1"]
[White "Acuna Buitrago, Camilo Andres"]
[Black "Fuentes, Adrian"]
[Result "1/2-1/2"]
[WhiteElo "2070"]
[BlackElo "1942"]
[PlyCount "71"]
[EventDate "2012.12.12"]
[EventType "swiss"]
[EventRounds "9"]
[EventCountry "COL"]
[SourceTitle "EXT 2014"]
[Source "ChessBase"]
[SourceDate "2013.11.20"]
[SourceVersion "1"]
[SourceVersionDate "2013.11.20"]
[SourceQuality "1"]

1. e4 c5 2. Nf3 d6 3. d4 cxd4 4. Nxd4 Nf6 5. Nc3 a6 6. Bg5 e6 7. f4 Be7 8. Qf3 Qc7 9. 0-0-0 Nbd7 10. g4 h6 11. Bxf6 Bxf6 12. h4 Qb6 13. Qe3 Be7 14. Qd2 Nc5 15. f5 Bd7 16. Bg2 0-0-0 17. g5 hxg5 18. hxg5 Rxh1 19. Rxh1 Kb8 20. Kb1 Rc8 21. Rh7 Na4 22. Nxa4 Bxa4 23. b3 Bxg5 24. Qxg5 Qxd4 25. Bf3 Qc3 26. Qg2 Bc6 27. Rxg7 exf5 28. Rxf7 fxe4 29. Bd1 e3 30. Qe2 d5 31. Qd3 Qxd3 32. cxd3 Bb5 33. Be2 Rc3 34. Kb2 Rc8 35. a4 Bc6 36. d4 1/2-1/2